| 000 | 00597nam a2200217Ia 4500 | ||
|---|---|---|---|
| 005 | 20250508164604.0 | ||
| 008 | 008 250505s9999 xx 000 0 eng d | ||
| 020 | _a0-673-38857-3 | ||
| 037 | _aReference | ||
| 040 |
_aFEDL _beng _cFEDL |
||
| 041 |
_aeng _2eng |
||
| 084 |
_a300.7, NCE/RR _qFEDL |
||
| 245 | 0 | _aWe and our country : A textbook for class III | |
| 245 | 0 | _cNational Council of Education Research and Training | |
| 260 | _c1987 | ||
| 300 | _axii,232p. | ||
| 365 |
_aINR _b15 |
||
| 546 | _aMACESE | ||
| 942 |
_cREF _h300.7, NCE/RR |
||
| 999 |
_c1389987 _d1389987 |
||